000 00985nam a2200325 a 4500
001 000108326
003 CHAP
005 20220329144008.0
008 140128s2009 nhua |r| |||1|||eng|d
010 _a104788
011 _a105760
020 _a9781578085002
040 _cCHAP
082 0 4 _a597.138
_bD48
245 0 0 _adevelopment of non teleost fishes /
_cpor Yvette W. Kunz ...[et al.].
260 3 _aEnfield, New Hampshire :
_bScience Publishers,
_c2009.
300 _a301 p. :
_bil.
504 _aIncluye: Referencias e index
590 _aBATCH-UPD
_b05
_c20140129
_lUCH01
_h0851
590 _aE792CSJ
_b05
_c20140128
_lUCH01
_h1452
590 _aE792CSJ
_b05
_c20140129
_lUCH01
_h0851
650 1 4 _aCondrictios
_xDesarrollo.
_9125283
650 1 4 _aRelicto de peces oseos
_xDesarrollo.
_9125282
700 1 _aKapoor, B.G.
_eed.
_962718
700 1 _aKunz, Yvette W.
_eed.
_9125280
700 1 _aLuer, Carl A.
_eed.
_9125281
901 _aBK
942 _cLIBRO
942 _n0
999 _c104788
_d104788